Precios y áreas sembradas con el algodón en la provincia de Chaco, 1938-1968. (Registro nro. 16103)
[ vista simple ]
| 000 -LEADER | |
|---|---|
| fixed length control field | 00367 a2200109 4500 |
| 001 - CONTROL NUMBER | |
| control field | ART_2976 |
| 005 - DATE AND TIME OF LATEST TRANSACTION | |
| control field | 20260410161711.0 |
| 008 - FIXED-LENGTH DATA ELEMENTS--GENERAL INFORMATION | |
| fixed length control field | 260409a |
| 100 1# - MAIN ENTRY--PERSONAL NAME | |
| Personal name | Reca, Lucio G. |
| 245 10 - TITLE STATEMENT | |
| Title | Precios y áreas sembradas con el algodón en la provincia de Chaco, 1938-1968. |
| 773 0# - HOST ITEM ENTRY | |
| Title | Desarrollo económico |
| Related parts | - Vol. 9, Nº 35 (oct./dic. 1969) |
| Record control number | REV1174 |
No hay ítems disponibles.